Dictionary of the physical sciences : (Record no. 134969)

MARC details
000 -LEADER
fixed length control field 00768nam a22002417a 4500
005 - DATE AND TIME OF LATEST TRANSACTION
control field 20170124110237.0
010 ## - LIBRARY OF CONGRESS CONTROL NUMBER
LC control number A-334422
020 ## - INTERNATIONAL STANDARD BOOK NUMBER
Terms of availability 00.00
International Standard Book Number 0195036514
035 ## - SYSTEM CONTROL NUMBER
System control number A-334422
037 ## - SOURCE OF ACQUISITION
Source of stock number/acquisition Cen Lib/Ret
040 ## - CATALOGING SOURCE
Original cataloging agency DPL
Language of cataloging EN
082 ## - DEWEY DECIMAL CLASSIFICATION NUMBER
Classification number 503
Item number EMI
100 ## - MAIN ENTRY--PERSONAL NAME
Personal name Emiliani, Cesare
9 (RLIN) 42337
245 ## - TITLE STATEMENT
Title Dictionary of the physical sciences :
Statement of responsibility, etc by Cesare Emiliani
Remainder of title terms, formulas, data /
246 ## - VARYING FORM OF TITLE
Remainder of title
260 ## - PUBLICATION, DISTRIBUTION, ETC. (IMPRINT)
Name of publisher, distributor, etc Oxford University Press
Date of publication, distribution, etc 1987
Place of publication, distribution, etc New York
270 ## - ADDRESS
Address 200 Madison Avenue
City New York
300 ## - PHYSICAL DESCRIPTION
Extent xiv,365p.
Dimensions 22cm(Hb)
500 ## - GENERAL NOTE
General note Includes bibliographical references
650 ## - SUBJECT ADDED ENTRY--TOPICAL TERM
Topical term or geographic name as entry element Physical sciences -- Dictionaries
9 (RLIN) 42338
650 ## - SUBJECT ADDED ENTRY--TOPICAL TERM
Topical term or geographic name as entry element Engineering -- Handbooks, manuals, etc
9 (RLIN) 42339
942 ## - ADDED ENTRY ELEMENTS (KOHA)
Source of classification or shelving scheme Dewey Decimal Classification
Koha item type English Books
Classification part 503
Call number suffix EMI
Holdings
Withdrawn status Lost status Damaged status Not for loan Collection code Home library Current library Date acquired Source of acquisition Cost, normal purchase price Total Checkouts Full call number Barcode Date last seen Copy number Cost, replacement price Price effective from Koha item type
      Not For Loan Reference Central Library Central Library 01/08/2015 Cen Lib/Ret 0.00   503 EMI A-334422 01/08/2015 1 0.00 01/08/2015 English Books

© Delhi Public Library
Hit Counter
free hit counter